00910 a2200217 4500020002800000020003500028050001900063100002600082245015800108264004500266300001900311500005100330504005100381650002900432650002600461700002600487700002800513700002800541710003400569856008900603 a019514466X (alk. paper) a0195144678 (pbk. : alk. paper)00aBR115.CON 2001 aBrown, Delwineeditor00aConverging on culture :btheologians in dialogue with cultural analysis and criticism /cedited by Delwin Brown, Sheila Greeve Davaney, & Kathryn Tanner. aOxford:bOxford university press.,c2001 axiii, 202 p. ; aIncludes bibliographical references and index. aIncludes bibliographical references and index. 0aChristianity and culture 0aTheologyxMethodology1 aBrown, Delwin,d1935-1 aDavaney, Sheila Greeve.1 aTanner, Kathryn,d1957-2 aAmerican Academy of Religion.423Publisher descriptionuhttp://www.loc.gov/catdir/enhancements/fy0610/00045647-d.html